Revista Prometheo Portal Jurd̕ico

Bibliographic Details
Format: eBook
Language:Spanish
Published: Lima: Cr̕culo de Derecho Administrativo, 2013 -
Subjects:
Online Access:Acceso restringido

MARC

LEADER 00000nam a22000007a 4500
005 2020092206346.0
007 cr|||| ||||
008 200922c20139999pe ar|w s|||| 0|||b1spa d
035 |a 32104 
040 |a vLex 
090 |c 10760  |d 10760 
245 0 0 |a Revista Prometheo  |h [Recurso electrn̤ico] :  |b Portal Jurd̕ico 
256 |a Servicio en ln̕ea 
260 |a Lima:  |b Cr̕culo de Derecho Administrativo,  |c 2013 - 
300 |a 1 recurso electrn̤ico 
310 |a Anual 
506 1 |a Disponible solo en los productos indicados  |d vLex Global  |d vLex Global (Academic Edition, excluding Law Schools)  |d vLex Global (U.S. Academic Edition, Law Schools)  |d vLex Global (U.S. Academic Edition, excluding Law Schools)  |d vLex Global (Academic Edition, Law Schools) 
650 0 4 |a Derecho Pb︢lico y Administrativo  |z Per︢ 
740 0 |a vLex Revistas (Servicio en ln̕ea) 
856 4 0 |u http://vlex.com/source/revista-prometheo-portal-juridico-32104  |z Acceso restringido 
942 |c REV 
999 0 |a Public and Administrative Law